000 00631nam a2200205 a 4500
003 OSt
005 20240226093353.0
008 180301t1962 pk | |||| 00| p urd d
020 _a9693106393
040 _c0
082 _a891.4391
_bIQB 1962
100 1 0 _aاقبال،علامہ محمد
_9121268
245 1 0 _aبال جبريل
_cAllama Muhammad Iqbal
246 _aBal E Jabreel
260 _aLahore:
_bAsad Pub;
_c1962.
300 _a150 p.
650 _aUrdu literature
_vPoetry
_93519
942 _2ddc
_cBK
_aSADA
_k891.4391 IQB 1962
999 _c608113
_d608113